The role of the English Teacher. Alternatives to Violence Project
Elmentve itt :
| Szerző: | |
|---|---|
| További közreműködők: | |
| Dokumentumtípus: | Szakdolgozat |
| Megjelent: |
1996
|
| Tárgyszavak: | |
| Online Access: | http://diploma.bibl.u-szeged.hu/77650 |
| LEADER | 00551nta a2200157 i 4500 | ||
|---|---|---|---|
| 001 | dipl77650 | ||
| 005 | 20200623124504.0 | ||
| 008 | 190619s1996 hu om 0|| eng d | ||
| 040 | |a SZTE Diploma Repozitórium |b hun | ||
| 041 | |a eng | ||
| 100 | 1 | |a Dén Márta | |
| 245 | 1 | 4 | |a The role of the English Teacher. Alternatives to Violence Project |h [elektronikus dokumentum] / |c Márta Dén |
| 260 | |c 1996 | ||
| 650 | 4 | |a Pedagógusképzés | |
| 700 | 1 | |a Zoltán Patricia |e ths | |
| 856 | 4 | 0 | |u http://diploma.bibl.u-szeged.hu/id/eprint/77650/1/1996_den_maria.pdf |z Dokumentum-elérés |